Fundamentals of Management
Guardado en:
| Autor principal: | |
|---|---|
| Otros Autores: | , |
| Formato: | Libro |
| Lenguaje: | inglés |
| Publicado: |
Homewood
Irwin
1990
|
| Edición: | 7. ed. |
| Materias: | |
| Etiquetas: |
Sin Etiquetas, Sea el primero en etiquetar este registro!
|
MARC
| LEADER | 00000nam a2200000 4500 | ||
|---|---|---|---|
| 001 | c000393 | ||
| 005 | 20221206122938.9 | ||
| 020 | |a 0-256-07846-7 | ||
| 041 | 0 | |a eng | |
| 044 | |a US | ||
| 245 | 1 | 0 | |a Fundamentals of Management |c James H. Donnelly, James L. Gibson, John M. Ivancevich |
| 250 | |a 7. ed. | ||
| 264 | 1 | |a Homewood |b Irwin |c 1990 | |
| 300 | |a 828 s. | ||
| 610 | 2 | 0 | |a manažment |
| 610 | 2 | 0 | |a riadenie |
| 610 | 2 | 0 | |a etika |
| 610 | 2 | 0 | |a zodpovednosť |
| 610 | 2 | 0 | |a organizácia práce |
| 610 | 2 | 0 | |a plánovanie strategické |
| 610 | 2 | 0 | |a organizácia |
| 610 | 2 | 0 | |a štruktúra organizačná |
| 610 | 2 | 0 | |a kontrola |
| 610 | 2 | 0 | |a manažment personálny |
| 610 | 2 | 0 | |a motivácia |
| 610 | 2 | 0 | |a komunikácia |
| 610 | 2 | 0 | |a riadenie výroby |
| 610 | 2 | 0 | |a rozhodovanie |
| 610 | 2 | 0 | |a DSS |
| 610 | 2 | 0 | |a podnikanie |
| 610 | 2 | 0 | |a kontroling |
| 100 | 1 | |a Donnelly, James H. | |
| 700 | 1 | |a Gibson, James L. | |
| 700 | 1 | |a Ivancevich, John M. | |